City by clue (Africa) - Statistics

General Stats
  • This quiz has been taken 22 times
  • The average score is 11 of 15
Answer Stats
Questions Answer % Correct
1) This ancient Egyptian city once housed the worlds largestlibrary. An important Mediterranean port Alexandria
100%
9) Though not the capital, it is the largest city in South Africa Johannesburg
100%
7) Largest city in Africa, coastal Nigerian megacity Lagos
100%
4) Nothernmost capital in Africa, formerly the site ofthe ancient city of Carthage Tunis
95%
11) Megacity capital across the Congo river from Brazzaville Kinshasa
91%
12) Historic Moroccan port city, site of the Hassan II Mosque and French colonial architecture Casablanca
86%
13) Ancient Mali city, known for being notoriously difficult to find, which created the popular phrase Timbuktu
86%
3) Largest city in Tanzania on the Indian Ocean coast Dar Es Salaam
77%
2) Westernmost capital in Africa, on the Cape-Vert peninsula Dakar
73%
5) South Africa port city, home to museums, aquariums and host of the 2010 World Cup Durban
73%
10) One of two world capitals beginning with F Freetown
68%
6) Port city on the Atlantic in Ivory Coast, the biggest urban area in the country Abidjan
50%
15) Coastal city in Mediterranean Algeria, the countrys2nd largest Oran
50%
8) City in southern Zambia, the gateway city to Victoria Fallson the border with Zimbabwe Livingstone
27%
14) This megacity was once referred to as the "Paris ofAfrica" for its culture and historic architecture Luanda
27%
No matching quizzes found
Score Distribution
Percent of People with Each Score
Percentile by Number Answered
Your Score History
You have not taken this quiz